Considerations for the real estate industry (Record no. 121246)
[ view plain ]
| 000 -LEADER | |
|---|---|
| fixed length control field | 01023nam a22002537a 4500 |
| 001 - CONTROL NUMBER | |
| control field | K121246 |
| 008 - FIXED-LENGTH DATA ELEMENTS--GENERAL INFORMATION | |
| fixed length control field | 160218b 2020xxu||||| |||| 00| 0 eng d |
| 041 ## - LANGUAGE CODE | |
| Language code of text/sound track or separate title | eng |
| 110 2# - MAIN ENTRY--CORPORATE NAME | |
| Corporate author | Deloitte Real Estate Group |
| 245 ## - TITLE STATEMENT | |
| Title | Considerations for the real estate industry |
| 260 ## - PUBLICATION INFORMATION | |
| Place of publication | London |
| Publisher | Deloitte Real Estate Group |
| Date | 2020 |
| 300 ## - PHYSICAL DESCRIPTION | |
| Physical description | 24p |
| 520 ## - ABSTRACT | |
| Abstract | Looks at how the global real estate industry has been affected by the Coronavirus COVID 19 , sector by sector ie offices, retail, hospitality and industrial and logistics, Assesses the long term implications and recovery. |
| 650 ## - KEYWORDS | |
| Keywords | Coronavirus |
| 650 ## - KEYWORDS | |
| Keywords | Retail |
| 650 ## - KEYWORDS | |
| Keywords | Offices |
| 650 ## - KEYWORDS | |
| Keywords | Hospitality |
| 650 ## - KEYWORDS | |
| Keywords | Industrial |
| 650 ## - KEYWORDS | |
| Keywords | Logistics |
| 651 ## - SUBJECT ADDED ENTRY--GEOGRAPHIC NAME | |
| Geographic name | United Kingdom |
| 690 ## - BROAD SUBJECT | |
| 9 (RLIN) | 6227 |
| Broad subject | Commercial property |
| 856 ## - ONLINE RESOURCE | |
| Uniform Resource Identifier | <a href="https://www2.deloitte.com/content/dam/Deloitte/uk/Documents/real-estate/deloitte-uk-re-challenges-and-opportunities-for-real-estate-industry-in-times-of-crisis.pdf">https://www2.deloitte.com/content/dam/Deloitte/uk/Documents/real-estate/deloitte-uk-re-challenges-and-opportunities-for-real-estate-industry-in-times-of-crisis.pdf</a> |
| Public note | View at Deloitte.com |
| 942 ## - ADDED ENTRY ELEMENTS (KOHA) | |
| Suppress in OPAC | Do not suppress in OPAC |
| Lost status | Damaged status | Not for loan | Home library | Current library | Shelving location | Date acquired | Total Checkouts | Date last seen | Price effective from | Koha item type |
|---|---|---|---|---|---|---|---|---|---|---|
| Virtual | Virtual | Online | 30/03/2020 | 30/03/2020 | 30/03/2020 | Book |